[Event "Winter TNM"]
[Site "San Francisco"]
[Date "2006.02.07"]
[Round "5"]
[White "Sanguinetti, George"]
[Black "Shankland, Sam"]
[Result "0-1"]
[WhiteElo "1954"]
[BlackElo "2012"]
[PlyCount "70"]
[EventDate "2006.01.10"]
[EventType "swiss"]
[EventRounds "8"]
[EventCountry "USA"]

1. e4 c5 2. Nf3 d6 3. c3 Nf6 4. Be2 g6 5. O-O Bg7 6. Re1 O-O 7. Bf1 Nc6 8. h3
e5 9. a3 d5 10. exd5 Nxd5 11. d3 h6 12. Nbd2 Qc7 13. Nc4 Be6 14. Qc2 Rad8 15.
Bd2 b5 16. Ne3 Nf4 17. b4 cxb4 18. axb4 Rc8 19. Rac1 Rfd8 20. c4 Nd4 21. Nxd4
exd4 22. Ng4 bxc4 23. Bxf4 Qxf4 24. Rxe6 fxe6 25. dxc4 d3 26. g3 Qxg4 27. Bxd3
Qg5 28. h4 Qg4 29. h5 Bd4 30. Kg2 Rf8 31. f4 Rxf4 32. Rf1 Rxf1 33. Bxf1 Rf8 34.
Qd3 Rf2+ 35. Kh1 Rf3 0-1

[Event "Winter TNM"]
[Site "San Francisco"]
[Date "2006.02.07"]
[Round "5"]
[White "Starr, Albert"]
[Black "Lupton, Stephen"]
[Result "1-0"]
[WhiteElo "1496"]
[BlackElo "1326"]
[PlyCount "115"]
[EventDate "2006.01.10"]
[EventType "swiss"]
[EventRounds "8"]
[EventCountry "USA"]

1. b4 Nf6 2. Bb2 g6 3. e3 Bg7 4. Nf3 d6 5. Be2 O-O 6. O-O c5 7. b5 b6 8. c4 Bb7
9. d3 Nbd7 10. Nbd2 Re8 11. a4 a5 12. Ra2 e5 13. Qa1 Qc7 14. Rc1 d5 15. cxd5
Bxd5 16. Nc4 e4 17. dxe4 Rxe4 18. Ra3 Rae8 19. Nfd2 R4e6 20. Rd3 h5 21. Rxd5
Nxd5 22. Bxg7 f6 23. Bh6 Kh7 24. Bf3 Nb4 25. Bf4 Qd8 26. h4 g5 27. Bxh5 Rg8 28.
Bf7 gxf4 29. Bxe6 fxe3 30. Bxg8+ Qxg8 31. Nxe3 Nd3 32. Qb1 N7e5 33. f4 Qg3 34.
Nd5 Qxh4 35. Rf1 Ng4 36. Qxd3+ Kg7 37. Qh3 Qxh3 38. gxh3 Nh6 39. Nxb6 Nf5 40.
Nbc4 Kf8 41. Nxa5 Nd6 42. Nac4 Nb7 43. Ne4 f5 44. Ned6 Nd8 45. Nxf5 Nb7 46. Re1
Nd8 47. b6 Nc6 48. a5 Nb4 49. b7 Na6 50. Re6 Nb8 51. a6 Kf7 52. a7 Nd7 53. a8=Q
Nb8 54. Re7+ Kg6 55. Qxb8 Kxf5 56. Qf8+ Kg6 57. Rg7+ Kh5 58. Qh8# 1-0

[Event "Winter TNM"]
[Site "San Francisco"]
[Date "2006.02.07"]
[Round "5"]
[White "Thornally, Frank"]
[Black "Livschitz, Louiza"]
[Result "0-1"]
[WhiteElo "2200"]
[BlackElo "1936"]
[PlyCount "36"]
[EventDate "2006.01.10"]
[EventType "swiss"]
[EventRounds "8"]
[EventCountry "USA"]

1. Nf3 d5 2. d4 Nf6 3. c4 e6 4. Nc3 Be7 5. cxd5 exd5 6. Bg5 O-O 7. e3 Bg4 8.
Qb3 Nbd7 9. Nxd5 Nxd5 10. Qxd5 Bxf3 11. gxf3 Bxg5 12. Rg1 Bf6 13. Qxb7 Qe7 14.
Qxc7 Rfc8 15. Qa5 Bxd4 16. Qd2 Ne5 17. Bg2 Rd8 18. Kf1 Nc4 0-1

[Event "Winter TNM"]
[Site "San Francisco"]
[Date "2006.02.07"]
[Round "5"]
[White "Todortsev, Victor"]
[Black "Nochomovitz, Yigal"]
[Result "1-0"]
[WhiteElo "1962"]
[BlackElo "1840"]
[PlyCount "81"]
[EventDate "2006.01.10"]
[EventType "swiss"]
[EventRounds "8"]
[EventCountry "USA"]

1. e4 e6 2. d4 d5 3. Nc3 Nf6 4. e5 Nfd7 5. Nf3 c5 6. Bb5 a6 7. Bxd7+ Bxd7 8.
O-O Nc6 9. Ne2 cxd4 10. Nexd4 Be7 11. c3 O-O 12. Re1 Qc7 13. h4 Rae8 14. h5 f6
15. h6 Nxe5 16. hxg7 Rf7 17. Bf4 Nxf3+ 18. Qxf3 e5 19. Bg3 Qc8 20. Nb3 Bc6 21.
Na5 Rxg7 22. Nxc6 Qxc6 23. Rad1 e4 24. Qf4 Kh8 25. Bh4 Reg8 26. g3 Rg4 27. Qh6
Qb6 28. Kg2 Qe6 29. Rh1 Qf5 30. Rxd5 Qf3+ 31. Kg1 R4g7 32. Rd7 Bc5 33. Rd2 e3
34. Bxf6 Qxh1+ 35. Kxh1 exd2 36. Qxd2 Be7 37. Bd4 Rd8 38. Qh6 Bf8 39. Qf6 Rxd4
40. Qxf8+ Rg8 41. Qf6+ 1-0

[Event "Winter TNM"]
[Site "San Francisco"]
[Date "2006.02.07"]
[Round "5"]
[White "Traub, Igor"]
[Black "Dunham, Tom"]
[Result "1-0"]
[WhiteElo "2074"]
[BlackElo "1304"]
[PlyCount "55"]
[EventDate "2006.01.10"]
[EventType "swiss"]
[EventRounds "8"]
[EventCountry "USA"]

1. e4 c5 2. d3 Nc6 3. f4 g6 4. Nf3 Bg7 5. Be2 e6 6. O-O Nge7 7. Nc3 d6 8. Be3
Bd7 9. Nb5 Bc8 10. e5 Nf5 11. Bf2 b6 12. g4 a6 13. gxf5 axb5 14. f6 Bh6 15. Bg3
Bb7 16. d4 dxe5 17. dxe5 Qc7 18. Bxb5 O-O 19. c3 Rfd8 20. Qe2 Rd5 21. Bc4 Rd7
22. Rfd1 Rad8 23. Rxd7 Rxd7 24. h4 Na5 25. Bb5 Rd5 26. Nd2 c4 27. a4 Nb3 28.
Nxb3 {remainder illegible} 1-0

[Event "Winter TNM"]
[Site "San Francisco"]
[Date "2006.02.07"]
[Round "5"]
[White "Wang, Drake"]
[Black "Ossipov, Victor"]
[Result "0-1"]
[WhiteElo "2181"]
[BlackElo "2132"]
[PlyCount "164"]
[EventDate "2006.01.10"]
[EventType "swiss"]
[EventRounds "8"]
[EventCountry "USA"]

1. e4 e6 2. d4 d5 3. Nd2 dxe4 4. Nxe4 Nd7 5. Nf3 Ngf6 6. Ng3 a6 7. Bf4 b5 8. a4
b4 9. Be2 Bb7 10. O-O Be7 11. Ne5 O-O 12. Bf3 Nd5 13. Bd2 c5 14. Nxd7 Qxd7 15.
dxc5 Bxc5 16. Qe2 Qc7 17. Be4 Nf6 18. Bxb7 Qxb7 19. Bg5 Be7 20. Rfd1 h6 21. Be3
Rfd8 22. a5 Nd5 23. Ne4 Bf6 24. Bd4 Bxd4 25. Rxd4 Nf4 26. Nf6+ gxf6 27. Rxf4 f5
28. Qh5 Kg7 29. Rf3 Qe7 30. Re1 Qf6 31. Rb3 Rab8 32. Qe2 Rb5 33. Qc4 Rd4 34.
Rg3+ Kh7 35. Qc8 Qd8 36. Qxa6 Rxa5 37. Qb7 Qd7 38. Qb8 Qd8 39. Qb7 Qd7 40. Qxd7
Rxd7 41. Rb3 Rd2 42. Rc1 Rxc2 43. Rd1 Rd5 44. Rf1 Rdd2 45. Rxb4 Rxb2 46. Rxb2
Rxb2 47. g3 f4 48. Kg2 fxg3 49. hxg3 Kg6 50. Ra1 h5 51. Ra3 Rb4 52. Rc3 h4 53.
gxh4 Rxh4 54. Kg3 Ra4 55. Rb3 e5 56. Re3 f6 57. Rb3 Kg5 58. Rb5 Kf5 59. f3 Ra2
60. Rb4 Rd2 61. Ra4 Rd4 62. Ra5 Kg5 63. Rb5 Rd3 64. Ra5 Kg6 65. Kf2 Rb3 66. Rc5
Rb2+ 67. Kg3 Re2 68. Ra5 f5 69. Ra8 f4+ 70. Kg4 Rg2+ 71. Kh4 Kf6 72. Rf8+ Ke7
73. Ra8 Ke6 74. Re8+ Kd5 75. Rd8+ Kc4 76. Re8 Kd4 77. Rd8+ Ke3 78. Re8 Kxf3 79.
Rxe5 Rg8 80. Re7 Kf2 81. Kh3 f3 82. Ra7 Rh8+ 0-1

[Event "Winter TNM"]
[Site "San Francisco"]
[Date "2006.02.07"]
[Round "5"]
[White "Wilkerson, Max"]
[Black "Dembling, Arthur"]
[Result "1-0"]
[WhiteElo "1900"]
[BlackElo "1674"]
[PlyCount "115"]
[EventDate "2006.01.10"]
[EventType "swiss"]
[EventRounds "8"]
[EventCountry "USA"]

1. d4 Nf6 2. c4 e6 3. Nf3 b6 4. g3 Ba6 5. Qc2 Bb7 6. Nc3 c5 7. dxc5 bxc5 8. Bg2
Nc6 9. O-O Nd4 10. Nxd4 Bxg2 11. Nxe6 fxe6 12. Kxg2 Qb6 13. f3 Be7 14. Bg5 O-O
15. e4 Ng4 16. Bd2 Ne5 17. Ne2 Rab8 18. Rab1 Nc6 19. Qd1 Rb7 20. Bc3 Bf6 21.
Bxf6 Rxf6 22. Qd2 Nd4 23. b3 d5 24. exd5 exd5 25. Nf4 Re7 26. Rbe1 Rxe1 27.
Rxe1 Qc6 28. Nxd5 Kf8 29. Re3 Re6 30. Rxe6 Qxe6 31. Qf4+ Nf5 32. Qb8+ Kf7 33.
Qxa7+ Kg8 34. Qxc5 Qe2+ 35. Qf2 Qe5 36. Qc2 Qxd5 37. cxd5 Ne3+ 38. Kf2 Nxc2 39.
a4 Kf7 40. a5 Nb4 41. Ke3 Nxd5+ 42. Kd4 Ke6 43. Kc5 Nc7 44. Kb6 Kd6 45. a6 g5
46. a7 h5 47. Kb7 h4 48. a8=Q Nxa8 49. Kxa8 hxg3 50. hxg3 Kd5 51. Kb7 Kd4 52.
Kc7 Ke3 53. b4 Kxf3 54. b5 Kxg3 55. b6 g4 56. b7 Kf2 57. b8=Q g3 58. Qb2+ 1-0

[Event "Winter TNM"]
[Site "San Francisco"]
[Date "2006.02.07"]
[Round "5"]
[White "Wong, Russell"]
[Black "Sainz, Guadalupe"]
[Result "1-0"]
[WhiteElo "2200"]
[BlackElo "1694"]
[PlyCount "93"]
[EventDate "2006.01.10"]
[EventType "swiss"]
[EventRounds "8"]
[EventCountry "USA"]

1. e4 c5 2. Nf3 d6 3. d4 cxd4 4. Nxd4 Nf6 5. Nc3 a6 6. Bg5 e6 7. f4 Nbd7 8. g4
Be7 9. Bxf6 Bxf6 10. g5 Be7 11. Qh5 g6 12. Qe2 Qb6 13. O-O-O Qc7 14. h4 h5 15.
f5 Ne5 16. Bh3 gxf5 17. exf5 Qc4 18. Qxc4 Nxc4 19. fxe6 fxe6 20. Bxe6 Rf8 21.
Nd5 Kd8 22. Bxc8 Rxc8 23. Ne6+ Kd7 24. Nxf8+ Rxf8 25. Rhf1 Re8 26. Rf7 Ne5 27.
Nf6+ Ke6 28. Nxe8 Kxf7 29. Nxd6+ Kg6 30. Rf1 b5 31. Ne4 Nc4 32. Rf3 Ne5 33. Rf4
Nc4 34. Rf3 Ne5 35. Rf1 Nc4 36. Nc3 Ne3 37. Rf3 Nf5 38. Nd5 Bd8 39. Nf4+ Kh7
40. Ne6 Nxh4 41. Rh3 Kg6 42. Rxh4 Bxg5+ 43. Nxg5 Kxg5 44. Rh1 Kg4 45. c3 h4 46.
b3 Kg3 47. c4 1-0

[Event "Winter TNM"]
[Site "San Francisco"]
[Date "2006.02.21"]
[Round "6"]
[White "Allen, Tom"]
[Black "Capdeville, Barry"]
[Result "1-0"]
[WhiteElo "1487"]
[BlackElo "1213"]
[PlyCount "53"]
[EventDate "2006.01.10"]
[EventType "swiss"]
[EventRounds "8"]
[EventCountry "USA"]

1. e4 e5 2. Nf3 Nf6 3. Nxe5 d6 4. Nxf7 Kxf7 5. d4 c5 6. dxc5 Qa5+ 7. Nc3 Qxc5
8. Be3 Qa5 9. a3 Be6 10. Bd3 Be7 11. f4 Bg4 12. Qd2 Bh5 13. Bc4+ d5 14. b4 Qd8
15. Nxd5 Nxd5 16. Bxd5+ Ke8 17. Bxb7 Nd7 18. Bc6 Rc8 19. b5 Bf7 20. O-O Rc7 21.
e5 Kf8 22. Rad1 Be8 23. e6 Bh5 24. exd7 Bxd1 25. Rxd1 Bxa3 26. Qa5 Bc5 27.
Bxc5+ 1-0

[Event "Winter TNM"]
[Site "San Francisco"]
[Date "2006.02.21"]
[Round "6"]
[White "Bertot, German"]
[Black "Braden, Brian"]
[Result "1-0"]
[WhiteElo "1438"]
[BlackElo "1160"]
[PlyCount "79"]
[EventDate "2006.01.10"]
[EventType "swiss"]
[EventRounds "8"]
[EventCountry "USA"]

1. d4 d5 2. c4 e6 3. Nc3 Nf6 4. Bg5 Be7 5. Nf3 O-O 6. e3 c5 7. dxc5 Nc6 8. cxd5
exd5 9. a3 Bg4 10. h3 Bxf3 11. Qxf3 Nd7 12. Bxe7 Qxe7 13. b4 Nf6 14. Nxd5 Nxd5
15. Qxd5 Rad8 16. Qb3 a6 17. Be2 Qe5 18. Rd1 Ne7 19. O-O Rc8 20. Bf3 Qc7 21.
Bg4 Rcd8 22. Rxd8 Rxd8 23. Rd1 Nc6 24. Rxd8+ Qxd8 25. Bh5 Ne5 26. Qc3 f6 27.
Qb3+ Kf8 28. f4 g6 29. fxe5 gxh5 30. exf6 Qxf6 31. Qd3 Qa1+ 32. Kf2 Qb2+ 33.
Kg1 Qa1+ 34. Kh2 Qe5+ 35. g3 h4 36. Qd6+ Qe7 37. Qxe7+ Kxe7 38. gxh4 Ke6 39.
Kg3 Kd5 40. Kf4 1-0

[Event "Winter TNM"]
[Site "San Francisco"]
[Date "2006.02.21"]
[Round "6"]
[White "D'Aloisio, Tony"]
[Black "Shankland, Sam"]
[Result "1/2-1/2"]
[WhiteElo "2222"]
[BlackElo "2012"]
[PlyCount "102"]
[EventDate "2006.01.10"]
[EventType "swiss"]
[EventRounds "8"]
[EventCountry "USA"]

1. c4 Nf6 2. Nc3 e6 3. g3 d5 4. d4 c6 5. Bg2 Nbd7 6. Nf3 Bb4 7. Qb3 c5 8. a3
Bxc3+ 9. bxc3 O-O 10. cxd5 exd5 11. O-O b6 12. Ne5 Ba6 13. Bg5 h6 14. Nxd7 hxg5
15. Nxf8 Bc4 16. Qc2 Qxf8 17. Rfe1 cxd4 18. cxd4 Rc8 19. Qf5 g4 20. h3 gxh3 21.
Bxh3 Re8 22. e3 Qd6 23. Qf4 Qd8 24. Bf5 g6 25. Bc2 Kg7 26. Kg2 Nh5 27. Qh4 Qxh4
28. gxh4 f5 29. Bd1 Nf6 30. Be2 Re4 31. Bxc4 Rg4+ 32. Kf1 dxc4 33. Rac1 Ne4 34.
f3 Nd2+ 35. Kf2 Rxh4 36. Rh1 Rxh1 37. Rxh1 Nb3 38. Ke2 f4 39. exf4 Nxd4+ 40.
Kd2 b5 41. Kc3 Ne2+ 42. Kb4 a5+ 43. Kxb5 c3 44. Kxa5 c2 45. Kb4 c1=Q 46. Rxc1
Nxc1 47. a4 Nd3+ 48. Kb5 Nxf4 49. a5 Nd5 50. Kc5 Nc7 51. Kb6 Nd5+ 1/2-1/2

[Event "Winter TNM"]
[Site "San Francisco"]
[Date "2006.02.21"]
[Round "6"]
[White "Dorn, Richard"]
[Black "Todortsev, Victor"]
[Result "1-0"]
[WhiteElo "1933"]
[BlackElo "1962"]
[PlyCount "69"]
[EventDate "2006.01.10"]
[EventType "swiss"]
[EventRounds "8"]
[EventCountry "USA"]

1. c4 c5 2. Nc3 Nc6 3. g3 g6 4. Bg2 Bg7 5. Nf3 e6 6. O-O d5 7. cxd5 exd5 8. d4
cxd4 9. Nb5 a6 10. Nbxd4 Nge7 11. Be3 O-O 12. Qd2 Re8 13. Rfd1 Bg4 14. Rac1 Qd7
15. Rc2 Rad8 16. a4 Nxd4 17. Bxd4 Qxa4 18. Bxg7 Kxg7 19. b3 Qe4 20. Ng5 Qe5 21.
f4 Qd6 22. Qd4+ Kg8 23. h3 Bf5 24. e4 h6 25. Nxf7 Kxf7 26. exf5 gxf5 27. Re2 b6
28. Bf3 Rg8 29. Bh5+ Ng6 30. Re5 Qf6 31. Qd3 Kg7 32. Rxf5 Qe6 33. Qd4+ Kh7 34.
Rf6 Qxh3 35. Rf7+ 1-0

[Event "Winter TNM"]
[Site "San Francisco"]
[Date "2006.02.21"]
[Round "6"]
[White "Grey, Peter"]
[Black "Wang, Drake"]
[Result "0-1"]
[WhiteElo "2000"]
[BlackElo "2181"]
[PlyCount "60"]
[EventDate "2006.01.10"]
[EventType "swiss"]
[EventRounds "8"]
[EventCountry "USA"]

1. Nf3 e6 2. d4 Nf6 3. g3 b6 4. Bg2 Bb7 5. c4 Bb4+ 6. Bd2 Qe7 7. O-O Bxd2 8.
Qxd2 O-O 9. Nc3 d6 10. Qc2 e5 11. e4 Nbd7 12. d5 a5 13. a3 Nh5 14. b4 g6 15.
Bh3 Bc8 16. Qd2 Kg7 17. Qe3 Ndf6 18. Bxc8 Rfxc8 19. h3 Nd7 20. Kh2 Rf8 21. Ne2
Ndf6 22. Rfe1 Rfe8 23. g4 Nf4 24. Nxf4 exf4 25. Qxf4 axb4 26. e5 dxe5 27. Rxe5
Qd6 28. Kg3 Rxe5 29. Qxe5 Qxe5+ 30. Nxe5 Rxa3+ 0-1

[Event "Winter TNM"]
[Site "San Francisco"]
[Date "2006.02.21"]
[Round "6"]
[White "Jones, Ian"]
[Black "Thornally, Frank"]
[Result "0-1"]
[WhiteElo "1754"]
[BlackElo "2200"]
[PlyCount "70"]
[EventDate "2006.01.10"]
[EventType "swiss"]
[EventRounds "8"]
[EventCountry "USA"]

1. e4 e5 2. Nf3 Nc6 3. Bb5 Nge7 4. O-O a6 5. Ba4 g6 6. c3 d6 7. d4 Bd7 8. Bg5
Bg7 9. Re1 h6 10. Be3 O-O 11. Nbd2 exd4 12. cxd4 d5 13. e5 Nf5 14. Nf1 Na5 15.
Ng3 Nxe3 16. fxe3 Nc4 17. Bxd7 Qxd7 18. b3 Nb6 19. Rc1 Rac8 20. Rc5 h5 21. Ne2
Qe7 22. Nf4 c6 23. e6 Qe8 24. Ng5 fxe6 25. Nfxe6 Bh6 26. Nxf8 Bxg5 27. Nxg6
Qxg6 28. e4 dxe4 29. Rxe4 Nd7 30. Re6 Qxe6 31. Rxg5+ Kf8 32. Qf3+ Nf6 33. Re5
Qd6 34. g4 Qxd4+ 35. Kf1 Qxe5 0-1

[Event "Winter TNM"]
[Site "San Francisco"]
[Date "2006.02.21"]
[Round "6"]
[White "Kleiman, Charles"]
[Black "Livschitz, Jennifer"]
[Result "1-0"]
[WhiteElo "1878"]
[BlackElo "1315"]
[PlyCount "73"]
[EventDate "2006.01.10"]
[EventType "swiss"]
[EventRounds "8"]
[EventCountry "USA"]

1. d4 d5 2. c4 e6 3. g3 Nf6 4. Bg2 Be7 5. Nc3 O-O 6. b3 b6 7. e3 Bb7 8. Nge2 c5
9. O-O Nbd7 10. Nf4 Ne4 11. Nxe4 dxe4 12. d5 exd5 13. Nxd5 Nf6 14. Nxe7+ Qxe7
15. Bb2 Rad8 16. Qc2 Rfe8 17. Rfd1 Nd7 18. Rd2 Nf8 19. Rad1 Rxd2 20. Qxd2 Ng6
21. Qd6 h6 22. h4 Ne5 23. Bxe5 Qxe5 24. Qxe5 Rxe5 25. Rd7 Bc6 26. Rxa7 Re8 27.
Rc7 Re6 28. Kf1 Kf8 29. Bh3 Rf6 30. Rc8+ Be8 31. Bd7 Ke7 32. Bxe8 Rd6 33. Ke2
f6 34. Bg6 Re6 35. Re8+ Kd6 36. Rxe6+ Kxe6 37. Bxe4 1-0

[Event "Winter TNM"]
[Site "San Francisco"]
[Date "2006.02.21"]
[Round "6"]
[White "Livschitz, Louiza"]
[Black "Margulis, Igor"]
[Result "1-0"]
[WhiteElo "1936"]
[BlackElo "2200"]
[PlyCount "53"]
[EventDate "2006.01.10"]
[EventType "swiss"]
[EventRounds "8"]
[EventCountry "USA"]

1. d4 g6 2. c4 Bg7 3. Nc3 c5 4. d5 Bxc3+ 5. bxc3 f5 6. g3 Nf6 7. Bg2 Qa5 8. Qc2
d6 9. Nh3 Nbd7 10. O-O Nb6 11. Bg5 Bd7 12. e4 Nxe4 13. Bxe4 fxe4 14. Qxe4 O-O-O
15. Nf4 Bf5 16. Qxe7 Rhe8 17. Qf7 Rf8 18. Qe7 Rde8 19. Qg7 Nxc4 20. Ne6 Rg8 21.
Qxh7 Ne5 22. Rab1 Bxb1 23. Rxb1 Nd7 24. Rxb7 Kxb7 25. Qxd7+ Ka8 26. Qc6+ Kb8
27. Qxd6+ 1-0

[Event "Winter TNM"]
[Site "San Francisco"]
[Date "2006.02.21"]
[Round "6"]
[White "Lupton, Stephen"]
[Black "Hilliard, Michael"]
[Result "1-0"]
[WhiteElo "1326"]
[BlackElo "1465"]
[PlyCount "31"]
[EventDate "2006.01.10"]
[EventType "swiss"]
[EventRounds "8"]
[EventCountry "USA"]

1. e4 c6 2. c4 d5 3. cxd5 cxd5 4. exd5 Qxd5 5. Nc3 Qd8 6. Nf3 Nc6 7. Bb5 Bd7 8.
O-O Nf6 9. d4 Nb4 10. a3 Nbd5 11. Bxd7+ Qxd7 12. Ne5 Qc7 13. Nxd5 Nxd5 14. Qa4+
Kd8 15. Nxf7+ Kc8 16. Qe8+ 1-0

[Event "Winter TNM"]
[Site "San Francisco"]
[Date "2006.02.21"]
[Round "6"]
[White "Mar, Henry"]
[Black "Starr, Albert"]
[Result "0-1"]
[WhiteElo "1565"]
[BlackElo "1496"]
[PlyCount "96"]
[EventDate "2006.01.10"]
[EventType "swiss"]
[EventRounds "8"]
[EventCountry "USA"]

1. d4 f5 2. e3 Nf6 3. Nf3 e6 4. Nbd2 d5 5. Be2 Bd6 6. Ne5 g6 7. Ndf3 O-O 8. O-O
Qe8 9. c4 b6 10. a3 Nbd7 11. b4 c5 12. b5 Bb7 13. Bb2 Rc8 14. Rc1 Bb8 15. h3
dxc4 16. Bxc4 Bd5 17. Qe2 cxd4 18. exd4 Bxc4 19. Rxc4 Rxc4 20. Qxc4 Nd5 21. Qc6
N7f6 22. Ng5 Nc7 23. Re1 Qxc6 24. bxc6 h6 25. Ngf3 g5 26. Nd7 Nxd7 27. cxd7 Rd8
28. Ne5 Na6 29. Rd1 Bxe5 30. dxe5 Nc5 31. Rd6 Kf7 32. f3 Rxd7 33. Rxd7+ Nxd7
34. Kf2 Nc5 35. Ke2 Ke7 36. g3 Kd7 37. Ke3 Kc6 38. g4 f4+ 39. Kd2 Kd5 40. Bc3
Nd7 41. Ke2 Nxe5 42. Bb4 Nf7 43. Bf8 e5 44. Be7 e4 45. h4 gxh4 46. Bxh4 Ng5 47.
Bxg5 hxg5 48. fxe4+ Kxe4 0-1

[Event "Winter TNM"]
[Site "San Francisco"]
[Date "2006.02.21"]
[Round "6"]
[White "Naroditsky, Alan"]
[Black "Dupree, Charles"]
[Result "1/2-1/2"]
[WhiteElo "1660"]
[BlackElo "1772"]
[PlyCount "120"]
[EventDate "2006.01.10"]
[EventType "swiss"]
[EventRounds "8"]
[EventCountry "USA"]

1. Nf3 c5 2. b3 d5 3. e3 Nf6 4. Bb2 e6 5. d4 Nc6 6. Bd3 Bd7 7. O-O cxd4 8. exd4
Bd6 9. c4 dxc4 10. bxc4 O-O 11. Nc3 Ne7 12. Qc2 h6 13. Rfd1 Bc6 14. Ne4 Nxe4
15. Bxe4 Rc8 16. Rac1 Qa5 17. Bc3 Qa4 18. Qxa4 Bxa4 19. Rd3 Rxc4 20. Bxb7 Rb8
21. Be4 f5 22. Nd2 Rxc3 23. Rdxc3 Bf4 24. Bc2 Bxd2 25. Bxa4 Bxc3 26. Bb3 Bxd4
27. Bxe6+ Kf8 28. Rd1 Rb2 29. g3 Bxf2+ 30. Kf1 Bb6 31. h4 g6 32. Rd3 Kg7 33.
Rd7 Kf6 34. Bb3 Rb1+ 35. Ke2 Rc1 36. Rd6+ Kg7 37. Re6 Nc6 38. Kd2 Rc5 39. Rd6
Nd8 40. Ke2 Rc3 41. Rd7+ Kf6 42. Rd6+ Kg7 43. Rd7+ Kf8 44. Rh7 Rxg3 45. Rxh6 f4
46. h5 f3+ 47. Kd2 Rg2+ 48. Kc3 gxh5 49. Rf6+ Kg7 50. Rxf3 h4 51. Rf1 Rg3+ 52.
Kb2 Nc6 53. Rh1 h3 54. Be6 Rg2+ 55. Ka3 Bc5+ 56. Ka4 h2 57. Bd5 Rxa2+ 58. Bxa2
Bg1 59. Kb5 Nd4+ 60. Ka6 Ne2 1/2-1/2

[Event "Winter TNM"]
[Site "San Francisco"]
[Date "2006.02.21"]
[Round "6"]
[White "Naroditsky, Daniel"]
[Black "Rudyak, Felix"]
[Result "0-1"]
[WhiteElo "1880"]
[BlackElo "1933"]
[PlyCount "148"]
[EventDate "2006.01.10"]
[EventType "swiss"]
[EventRounds "8"]
[EventCountry "USA"]

1. e4 d5 2. exd5 Qxd5 3. Nc3 Qa5 4. d4 e5 5. d5 Nf6 6. Nf3 e4 7. Ne5 Bb4 8. Bd2
Bxc3 9. Bxc3 Qxd5 10. Qc1 O-O 11. Bc4 Qd6 12. Qg5 Be6 13. Bxe6 Qxe6 14. h3 Nd5
15. Nd7 Nxc3 16. Nxf8 Qc4 17. bxc3 Qxc3+ 18. Ke2 Qxc2+ 19. Kf1 Qd3+ 20. Kg1
Kxf8 21. Kh2 Qd6+ 22. g3 Nc6 23. Rad1 Qe5 24. Qh4 Qf5 25. Rd2 Re8 26. Rhd1 Ne5
27. g4 Qg6 28. Kg2 Nf3 29. Qg3 Nxd2 30. Rxd2 Qc6 31. Qb3 Kg8 32. Kg1 h6 33. Rd4
e3 34. fxe3 Qf3 35. Qd3 Qg3+ 36. Kf1 Qxh3+ 37. Kf2 Qh2+ 38. Kf1 Qxa2 39. Rd8
Qa1+ 40. Kg2 Qb2+ 41. Kg1 Qc1+ 42. Kh2 Rxd8 43. Qxd8+ Kh7 44. Qd3+ g6 45. Qb3
Qd2+ 46. Kh1 Qe1+ 47. Kg2 Qd2+ 48. Kf1 Kg7 49. Qxb7 Qxe3 50. Qxc7 Qf3+ 51. Kg1
Qxg4+ 52. Kh1 Qd4 53. Qc2 a5 54. Qf2 Qe4+ 55. Kg1 Qe5 56. Qd2 g5 57. Kh1 g4 58.
Qf2 g3 59. Qxg3+ Qg5 60. Qc3+ Kg6 61. Qd3+ Qf5 62. Qg3+ Kh7 63. Qf2 Qh5+ 64.
Kg1 Qg6+ 65. Kh1 a4 66. Qa2 Qe4+ 67. Kg1 Qe3+ 68. Kh1 Qb3 69. Qf2 Qb1+ 70. Kh2
Qg6 71. Qa2 Qh5+ 72. Kg1 Qd1+ 73. Kh2 Qb3 74. Qf2 a3 0-1

[Event "Winter TNM"]
[Site "San Francisco"]
[Date "2006.02.21"]
[Round "6"]
[White "Ossipov, Victor"]
[Black "Gallegos, Paul"]
[Result "0-1"]
[WhiteElo "2132"]
[BlackElo "2200"]
[PlyCount "86"]
[EventDate "2006.01.10"]
[EventType "swiss"]
[EventRounds "8"]
[EventCountry "USA"]

1. d4 Nf6 2. Nf3 g6 3. Bf4 Bg7 4. e3 d6 5. h3 O-O 6. Nbd2 b6 7. e4 c5 8. c3 Bb7
9. Bd3 cxd4 10. cxd4 Nc6 11. a3 e5 12. Be3 exd4 13. Nxd4 d5 14. Nxc6 Bxc6 15.
e5 Nd7 16. O-O Nxe5 17. Be2 d4 18. Bf4 d3 19. Bf3 Nxf3+ 20. Nxf3 Bxb2 21. Ra2
Bg7 22. Rd2 Bb5 23. Qb3 Ba6 24. Ne5 Qf6 25. Qa4 b5 26. Qb4 Rac8 27. Nxd3 Rc4
28. Qd6 Rd8 29. Qxf6 Bxf6 30. Be3 Rc3 31. Rfd1 Kg7 32. Nb4 Rxd2 33. Rxd2 Rxa3
34. Ra2 Rxa2 35. Nxa2 Bc8 36. Bxa7 Be6 37. Nb4 Bc3 38. Bc5 Kf6 39. f3 Ke5 40.
Kf2 Bd4+ 41. Bxd4+ Kxd4 42. Ke2 Kc3 43. Nc6 b4 0-1

[Event "Winter TNM"]
[Site "San Francisco"]
[Date "2006.02.21"]
[Round "6"]
[White "Parker, Frank"]
[Black "Chan, John"]
[Result "0-1"]
[WhiteElo "1835"]
[BlackElo "1659"]
[PlyCount "116"]
[EventDate "2006.01.10"]
[EventType "swiss"]
[EventRounds "8"]
[EventCountry "USA"]

1. d4 Nf6 2. Nf3 c6 3. c4 e6 4. Nc3 d5 5. e3 dxc4 6. Bxc4 b5 7. Bd3 Bb4 8. O-O
O-O 9. Qc2 g6 10. a3 Ba5 11. e4 Nh5 12. Bh6 Ng7 13. Rad1 Nd7 14. b4 Bc7 15. e5
Bb7 16. Rfe1 a6 17. Ne4 Re8 18. Bg5 Qc8 19. g4 a5 20. Nf6+ Nxf6 21. exf6 axb4
22. axb4 Bd6 23. Bd2 e5 24. h3 Ne6 25. dxe5 c5 26. Be4 Bf8 27. bxc5 Bxc5 28.
Bxb7 Bxf2+ 29. Kxf2 Qxc2 30. Bxa8 Rxa8 31. Rc1 Qd3 32. Be3 b4 33. Red1 Qb5 34.
Rd6 b3 35. Rb1 Rb8 36. Rb2 Qa4 37. Rdd2 Qa1 38. g5 Qa4 39. Rd3 Kf8 40. Kg3 Ke8
41. Rdd2 Qe4 42. Re2 Rb5 43. Red2 Qb4 44. Rd3 Rb8 45. Nd2 Qb5 46. Rdxb3 Qxe5+
47. Kg2 Rd8 48. Nf3 Qe4 49. Rb4 Qd3 50. Rb7 Qxe3 51. Re7+ Kf8 52. Rbb7 Nf4+ 53.
Kg3 Nh5+ 54. Kg2 Qf4 55. Rxf7+ Kg8 56. Rxh7 Qg3+ 57. Kf1 Qxf3+ 58. Ke1 Qe3+ 0-1

[Event "Winter TNM"]
[Site "San Francisco"]
[Date "2006.02.21"]
[Round "6"]
[White "Petrison, John"]
[Black "Wilkerson, Max"]
[Result "1-0"]
[WhiteElo "2092"]
[BlackElo "1900"]
[PlyCount "71"]
[EventDate "2006.01.10"]
[EventType "swiss"]
[EventRounds "8"]
[EventCountry "USA"]

1. d4 e6 2. e4 d5 3. Nc3 Bb4 4. e5 c5 5. a3 Ba5 6. Qg4 Ne7 7. Qxg7 Rg8 8. Qxh7
cxd4 9. b4 dxc3 10. bxa5 Nbc6 11. Nf3 Bd7 12. Ng5 Nxe5 13. f4 Qc7 14. fxe5
Qxe5+ 15. Be2 Rxg5 16. Bxg5 Qxg5 17. O-O O-O-O 18. Qh5 Qe3+ 19. Kh1 Nf5 20. Qf3
Qh6 21. Qf4 Rh8 22. Qxh6 Rxh6 23. Kg1 Ne3 24. Rf3 d4 25. Bd3 f5 26. Re1 Bc6 27.
Rg3 e5 28. Rgxe3 dxe3 29. Bxf5+ Kc7 30. Rxe3 Rf6 31. g4 Rd6 32. Rxc3 Kd8 33.
Kf2 Rd2+ 34. Kg3 Rg2+ 35. Kh3 Re2 36. g5 {
reaminder illegible; W won in 2 more moves} 1-0

[Event "Winter TNM"]
[Site "San Francisco"]
[Date "2006.02.21"]
[Round "6"]
[White "Purcell, Brendan"]
[Black "Traub, Igor"]
[Result "0-1"]
[WhiteElo "1874"]
[BlackElo "2074"]
[PlyCount "108"]
[EventDate "2006.01.10"]
[EventType "swiss"]
[EventRounds "8"]
[EventCountry "USA"]

1. e4 e5 2. Nf3 Nc6 3. Bb5 a6 4. Ba4 Nf6 5. O-O Be7 6. Re1 b5 7. Bb3 d6 8. c3
Bg4 9. h3 Bxf3 10. Qxf3 O-O 11. d3 Na5 12. Bc2 c5 13. Nd2 Nd7 14. Nf1 Bg5 15.
Ne3 g6 16. g3 h5 17. h4 Bh6 18. Kg2 Nb6 19. Rh1 d5 20. Nxd5 Bxc1 21. Nxb6 Bxb2
22. Nxa8 Bxa1 23. Rxa1 Kg7 24. Bb3 Nxb3 25. axb3 Qxa8 26. g4 hxg4 27. Qxg4 Rh8
28. Rh1 Rh5 29. Qd7 c4 30. bxc4 bxc4 31. Rh3 cxd3 32. Rf3 Qf8 33. Qxd3 Qc8 34.
Kg3 g5 35. Qd6 gxh4+ 36. Kh2 Qe6 37. Qxe6 fxe6 38. Rd3 Rh8 39. Rd6 Ra8 40. Rxe6
a5 41. Rxe5 a4 42. Rg5+ Kf6 43. Rg1 Ke5 44. Ra1 Kxe4 45. Ra3 Kd3 46. Kh3 Kc2
47. c4 Kb2 48. Re3 a3 49. Kxh4 a2 50. Re2+ Kc3 51. Rxa2 Rxa2 52. f4 Kxc4 53. f5
Kd5 54. Kg5 Ke5 0-1